Quick Pick: James Bond Actors Quiz Stats

 Plays Quiz Updated Feb 10, 2016

Challenge
Share
Tweet
Embed
Score 0/6 Timer 01:00
9 Plays Today
% Correct
​​Daniel Craig
89.9%
Pierce Brosnan
79.8%
​Sean Connery
74.9%
​​​​Roger Moore
68.3%
​​​Timothy Dalton
67.9%
George Lazenby
62.8%

Today's Daily Dose

Word Ladder
Faux Pas

Quick Pick
Pacific Islands

On This Day
November 20th II

You're not logged in!

Compare scores with friends on all Sporcle quizzes.
Join for Free
OR
Log In

You Might Also Like...

Show Comments

Extras

Top Quizzes Today


Score Distribution

Your Account Isn't Verified!

In order to create a playlist on Sporcle, you need to verify the email address you used during registration. Go to your Sporcle Settings to finish the process.

Report this User

Report this user for behavior that violates our Community Guidelines.

Details: